| 000 | 01024nam a2200301 4500 | ||
|---|---|---|---|
| 001 | 2863 | ||
| 003 | FISKH | ||
| 005 | 20240118153703.0 | ||
| 008 | 701117s1970 pau j 000 1 eng | ||
| 010 | _a 71117236 | ||
| 020 | _a019271404 | ||
| 040 |
_aDLC _cDLC _dDLC |
||
| 042 | _alcac | ||
| 050 | 0 | 0 |
_aPZ7.C57926 _bMi |
| 082 | 0 | 0 | _a[Fic] |
| 100 | 1 | _aCleaver, Vera. | |
| 245 | 1 | 4 |
_aThe mimosa tree / _cVera and Bill Cleaver. |
| 250 | _aThis edition published in 1977 | ||
| 260 |
_aLondon : _bOxford University Press, _c1970 |
||
| 300 |
_a109 pages : _c23 cm |
||
| 350 | _a3.95 | ||
| 520 | _aShortly after the Proffitts arrive in the Chicago slums from North Carolina, the stepmother leaves the family and fourteen-year-old Marvella becomes the sole support for her blind father and the four younger children. | ||
| 650 | 1 |
_aCity and town life _xFiction. |
|
| 650 | 1 |
_aSocial problems _xFiction. |
|
| 700 | 1 |
_aCleaver, Bill, _eAuthor |
|
| 906 |
_a7 _bcbc _corignew _d4 _encip _f19 _gy-gencatlg |
||
| 942 |
_2ddc _cBK _n0 |
||
| 999 |
_c2863 _d2863 |
||